| 000 | 00700nam a2200253Ia 4500 | ||
|---|---|---|---|
| 003 | OSt | ||
| 005 | 20220925223252.0 | ||
| 006 | a|||||r|||| 00| 0 | ||
| 007 | ta | ||
| 008 | 220923b |||||||| |||| 00| 0 eng d | ||
| 020 | _a0415004837 | ||
| 037 | _cGeneral Book | ||
| 040 |
_aRTL _cRTL _beng |
||
| 041 |
_2eng _aeng |
||
| 082 | _aW0gU.5.N8, M8 | ||
| 100 |
_aParker Geoffrey _950354 |
||
| 245 | 0 | _aGeopolitics of domination | |
| 260 |
_aLondon _bRoutledge _c1988 |
||
| 300 |
_a184p _ccm. |
||
| 500 | _aBibliography chapterwise; Glossary: P 166-72 | ||
| 650 | _aPolitical Science | ||
| 942 |
_hW0gU.5.N8, M8 _cGB _2CC |
||
| 999 |
_c579102 _d579102 |
||